Welcome to the Holygrace Academy Library

Please use search bar below to get started

GOD'S LITTLE DEW DROPS (Record no. 3009)

MARC details
000 -LEADER
fixed length control field 00261nam a22001217a 4500
082 ## - DEWEY DECIMAL CLASSIFICATION NUMBER
Classification number 823
Item number DAS/G
100 ## - MAIN ENTRY--AUTHOR NAME
Personal name DAS, SINDHU SATHYA
245 ## - TITLE STATEMENT
Title GOD'S LITTLE DEW DROPS
260 ## - PUBLICATION, DISTRIBUTION, ETC. (IMPRINT)
Place of publication ALUVA
Name of publisher PEN BOOKS
Year of publication 2002
300 ## - PHYSICAL DESCRIPTION
Number of Pages 208
650 ## - SUBJECT ADDED ENTRY--TOPICAL TERM
Topical Term NOVEL
Geographic subdivision INDIA
942 ## - ADDED ENTRY ELEMENTS (KOHA)
Koha item type Books
Holdings
Withdrawn status Lost status Collection code Home library Current library Shelving location Date acquired Source of acquisition Cost, normal purchase price Full call number Accession Number Koha item type
    Fiction Main Library Main Library SHELF-14D- ALPHABETICAL -D--ENGLISH NOVELS & FICTIONS 30/01/2019 purchase 30.00 823 DAS/G 10873 Books